000
00197nam a2200085Ia 4500
008
120527s9999 xx 000 0 und d
100
_a
LYNCH, M.
245
_a
Teach Yourself nazi Germany
942
_c
BK
999
_c
25659
_d
25659